000 00488nam a22001697a 4500
005 20260408133549.0
008 260408b |||||||| |||| 00| 0 eng d
037 _cDSWL
040 _aDSWL
_cDSWL
041 _heng
100 _aTarun Sagar
_91234345
245 _aPereception of urban residents of air quality
260 _aNew Delhi,
_bDepartment of Social Work,
_c2017
300 _a59p
942 _2CC
_cDIS
_n0
999 _c1848100
_d1848100